| 000 | 00000nas##2200000za#4500 |
| 001 | 9.506858 |
| 003 | CaOODSP |
| 005 | 20200325092756 |
| 007 | cr ||||||||||| |
| 008 | 150406c2001||||xxc|| p o||||f| |0eng|d |
| 022 | |a1497-7907 |
| 040 | |aCaOODSP|beng |
| 043 | |an-cn--- |
| 086 | 1 |aFs151-14E-PDF |
| 110 | 1 |aCanada.|bDepartment of Fisheries and Oceans. |bCanadian Coast Guard. |
| 245 | 10|aResearch and development plan |h[electronic resource] |
| 260 | |aOttawa - Ontario : |bFisheries and Oceans Canada. |
| 310 | |aAnnual |
| 362 | 1 |a[1996/1997]-2003/2004 |
| 690 | 07|aResearch and development|2gcpds |
| 775 | 08|tPlan de recherche et développement |w(CaOODSP)9.503254 |
| 780 | 00|tCanadian Coast Guard Research and Development Program - plan |w(CaOODSP)9.505784 |